مكتبة جامعة عجلون الوطنية

فهرس بحث المكتبة

Normal view MARC view
  • International Management

Entry Topical Term

Number of records used in: 1

001 - CONTROL NUMBER

  • control field: 494

003 - CONTROL NUMBER IDENTIFIER

  • control field: JO-AjAnu

005 - DATE AND TIME OF LATEST TRANSACTION

  • control field: 20230606070403.0

008 - FIXED-LENGTH DATA ELEMENTS

  • fixed length control field: 230606|| aca||aabn | a|a d

040 ## - CATALOGING SOURCE

  • Original cataloging agency: JO-AjAnu
  • Transcribing agency: JO-AjAnu

150 ## - HEADING--TOPICAL TERM

  • Topical term or geographic name entry element: International Management

670 ## - SOURCE DATA FOUND

  • Source citation: Work cat.: (JO-AjAnu)263: Phatak,Arvind/rabi s. bhagat/roger j. kashlak, author 493, International Management: managin in diverse and dynamic global enveronment